Explicación en las Ciencias (Record no. 61573)

MARC details
000 -LEADER
campo de control de longitud fija 00691nam a2200169 i 4500
001 - NÚMERO DE CONTROL
campo de control 61573
003 - IDENTIFICADOR DE NÚMERO DE CONTROL
campo de control ES-MaACL
005 - FECHA Y HORA DE LA ÚLTIMA TRANSACCIÓN
campo de control 20230906164505.0
007 - CAMPO FIJO DE DESCRIPCIÓN FÍSICA--INFORMACIÓN GENERAL
campo de control de longitud fija t|
008 - DATOS DE LONGITUD FIJA--INFORMACIÓN GENERAL
campo de control de longitud fija 031112s1977 sp ||||1| spa d
245 00 - MENCIÓN DEL TÍTULO
Título Explicación en las Ciencias
Resto del título : coloquio de la Academia Internacional de Filosofía de las Ciencias con la asistencia del Centro Internacional de Epistemología Genética : (Ginebra, 25-29 septiembre, 1970) /
Mención de responsabilidad, etc. Apostel...[et al.] ; [Traducción de Josep Dalmau Ferrán].
260 ## - PUBLICACIÓN, DISTRIBUCIÓN, ETC.
Lugar de publicación, distribución, etc. [Barcelona] :
Nombre del editor, distribuidor, etc. Martínez Roca,
Fecha de publicación, distribución, etc. [1977]
300 ## - DESCRIPCIÓN FÍSICA
Extensión 222 p. ;
Dimensiones 20 cm.
700 1# - ENTRADA AGREGADA--NOMBRE PERSONAL
Nombre de persona Dalmau Ferrán, Josep.
9 (RLIN) 42523
700 1# - ENTRADA AGREGADA--NOMBRE PERSONAL
Nombre de persona Apostel.
9 (RLIN) 22103
852 ## - LOCALIZACIÓN
Ubicación ES-MaACL
Número de control de estantería A-7447
Sublocalización o colección R.96776
Holdings
Estatus retirado Estado de pérdida Estado de daño No para préstamo Biblioteca de origen Biblioteca actual Ubicación en estantería Fecha de adquisición Fuente de adquisición Total de préstamos Signatura topográfica completa Código de barras Visto por última vez Precio de reemplazo Tipo de ítem Koha
        Biblioteca del Ateneo de Madrid Biblioteca del Ateneo de Madrid Sala Pecera Planta 1 17/01/2008     A-7447 1064561 23/02/2023 23/02/2023 Libro impreso